[Event "IECC Swiss-571.4"]
[Site "IECC email"]
[Date "2015.09.08"]
[Round "?"]
[White "Kulkarni, Samir"]
[Black "Vio, Mauro"]
[Result "0-1"]
[WhiteElo "1645"]
[BlackElo "1685"]
[PlyCount "114"]
[EventDate "2015.??.??"]
[EventType "swiss (corr)"]
[EventRounds "1"]
[SourceTitle "Corr 2020"]
[Source "ChessBase"]
[SourceDate "2019.09.30"]
[SourceVersion "1"]
[SourceVersionDate "2019.09.30"]
[SourceQuality "1"]
[WhiteTeam "India"]
[BlackTeam "Italy"]
[WhiteTeamCountry "IND"]
[BlackTeamCountry "ITA"]

1. d4 d5 2. Bf4 e6 3. e3 Nf6 4. Nh3 Bd6 5. Bb5+ Bd7 6. Bxd7+ Nbxd7 7. 0-0 0-0 8. Bxd6 cxd6 9. Nc3 Nb6 10. f3 Rc8 11. Qd3 Nc4 12. Nd1 Qc7 13. Rc1 e5 14. b3 Na3 15. c3 Rfe8 16. Nhf2 Qd7 17. dxe5 dxe5 18. Nb2 Red8 19. Rfd1 h6 20. Qe2 Qe6 21. Nh1 d4 22. c4 Rd7 23. Ng3 Rcd8 24. Rd3 dxe3 25. Qxe3 Rd4 26. Ne2 Rxd3 27. Nxd3 Qd6 28. Rd1 e4 29. Nf2 Qxd1+ 30. Nxd1 Rxd1+ 31. Kf2 Nc2 32. Qxa7 e3+ 33. Kg3 Rd2 34. Nc3 e2 35. Nxe2 Rxe2 36. Qxb7 g5 37. Qb6 Kg7 38. h4 Ne1 39. hxg5 hxg5 40. Qg1 Nh5+ 41. Kg4 Kg6 42. Qb6+ Nf6+ 43. Kg3 Rxg2+ 44. Kh3 Rxa2 45. Qd6 Rb2 46. c5 Rxb3 47. c6 g4+ 48. Kh2 Nxf3+ 49. Kh1 Rc3 50. Kg2 Kg5 51. Qd1 Rxc6 52. Kf1 Rc8 53. Qa1 Ne4 54. Qg7+ Kf4 55. Qxf7+ Kg3 56. Ke2 Nf2 57. Qd7 Rc2+ 0-1

[Event "P-4929"]
[Site "IECC email"]
[Date "2014.11.12"]
[Round "?"]
[White "Vio, Mauro"]
[Black "Kulkarni, Samir"]
[Result "1-0"]
[WhiteElo "1667"]
[BlackElo "1603"]
[PlyCount "121"]
[EventDate "2014.??.??"]
[EventType "tourn (corr)"]
[SourceTitle "Corr 2020"]
[Source "ChessBase"]
[SourceDate "2019.09.30"]
[SourceVersion "1"]
[SourceVersionDate "2019.09.30"]
[SourceQuality "1"]
[WhiteTeam "Italy"]
[BlackTeam "India"]
[WhiteTeamCountry "ITA"]
[BlackTeamCountry "IND"]

1. c4 Nf6 2. d4 e6 3. Nf3 Be7 4. Bg5 0-0 5. Nc3 h6 6. Bxf6 Bxf6 7. e3 Nc6 8. Bd3 e5 9. d5 Nb4 10. Be4 d6 11. 0-0 g6 12. a3 Na6 13. b4 Bg7 14. h3 Re8 15. Rc1 Qe7 16. Nd2 Rf8 17. Bd3 Bd7 18. Qf3 f5 19. e4 Qg5 20. Qe2 f4 21. Qf3 Rf6 22. Nb3 Bf8 23. Nb1 Ba4 24. N1d2 Re8 25. c5 Nb8 26. b5 Rf7 27. Na5 dxc5 28. Nxb7 Nd7 29. Na5 Rb8 30. Nc6 Rb7 31. Qe2 Qf6 32. Rb1 Be7 33. Rfc1 Bd6 34. Bc2 Bxc2 35. Rxc2 Qh4 36. a4 Nb8 37. Qf3 Nxc6 38. dxc6 Rb8 39. Nc4 Qe7 40. Rd1 Rf6 41. Rd5 Re6 42. Nxd6 cxd6 43. Rcd2 Rf8 44. Qd1 Rd8 45. Rxc5 g5 46. a5 Kf7 47. b6 axb6 48. axb6 dxc5 49. Rxd8 Rxc6 50. b7 Rb6 51. Rd7 c4 52. Qd5+ Kf6 53. Rxe7 Rb1+ 54. Kh2 Kxe7 55. Qxe5+ Kd7 56. b8Q Rxb8 57. Qxb8 c3 58. e5 c2 59. Qd6+ Kc8 60. Qc6+ Kd8 61. Qxc2 1-0

[Event "IECC 2014-1.13"]
[Site "IECC email"]
[Date "2014.01.05"]
[Round "?"]
[White "Booth, Grahame"]
[Black "Kulkarni, Samir"]
[Result "0-1"]
[WhiteElo "1336"]
[BlackElo "1605"]
[PlyCount "92"]
[EventDate "2014.??.??"]
[EventType "tourn (corr)"]
[SourceTitle "Corr 2020"]
[Source "ChessBase"]
[SourceDate "2019.09.30"]
[SourceVersion "1"]
[SourceVersionDate "2019.09.30"]
[SourceQuality "1"]
[WhiteTeam "Canada"]
[BlackTeam "India"]
[WhiteTeamCountry "CAN"]
[BlackTeamCountry "IND"]

1. e4 Nc6 2. Nf3 e5 3. Bb5 a6 4. Ba4 b5 5. Bb3 d6 6. c3 Na5 7. Bc2 c5 8. d4 exd4 9. cxd4 cxd4 10. Nxd4 Bb7 11. Be3 Nc4 12. 0-0 Nxb2 13. Qf3 Rc8 14. Nd2 Nf6 15. Bb3 Nd3 16. Qe2 Nc5 17. Bd5 Bxd5 18. exd5 Nxd5 19. Bh6+ Ne7 20. Bf4 g6 21. Rfe1 Bg7 22. N2f3 Rc7 23. Bg5 Ne6 24. Nxe6 fxe6 25. Rad1 e5 26. Bxe7 Qxe7 27. Qe4 0-0 28. Qd5+ Kh8 29. Qxd6 Qxd6 30. Rxd6 a5 31. Ng5 Re8 32. Ne6 Rc2 33. a3 e4 34. h3 Bb2 35. Rxe4 Bxa3 36. Rd5 Rc6 37. Ng5 Rxe4 38. Nxe4 Re6 39. Rd8+ Kg7 40. Rd7+ Re7 41. Rd4 a4 42. f3 Bb2 43. Rd5 a3 44. Rxb5 a2 45. Ra5 Bd4+ 46. Kh2 Ra7 0-1

[Event "IECC Swiss-512.4"]
[Site "IECC email"]
[Date "2007.11.20"]
[Round "?"]
[White "Kulkarni, Samir"]
[Black "Buckle, Rod"]
[Result "1-0"]
[WhiteElo "1563"]
[BlackElo "1247"]
[PlyCount "117"]
[EventDate "2007.??.??"]
[EventType "swiss (corr)"]
[EventRounds "1"]
[SourceTitle "Corr 2020"]
[Source "ChessBase"]
[SourceDate "2019.09.30"]
[SourceVersion "1"]
[SourceVersionDate "2019.09.30"]
[SourceQuality "1"]
[WhiteTeam "India"]
[BlackTeam "England"]
[WhiteTeamCountry "IND"]
[BlackTeamCountry "ENG"]

1. e4 e5 2. Nf3 Nf6 3. Nxe5 d6 4. Nf3 Nxe4 5. Qe2 d5 6. d3 f5 7. dxe4 fxe4 8. Nd4 Be7 9. Qh5+ g6 10. Qd1 0-0 11. Be2 c5 12. Nb5 Nc6 13. 0-0 a6 14. N5c3 Nd4 15. a4 Qd6 16. Bh6 Rf7 17. Qd2 g5 18. Bxg5 Bxg5 19. Qxg5+ Rg7 20. Qh4 Nxc2 21. Ra2 Bd7 22. Rd1 Nd4 23. b4 Nxe2+ 24. Nxe2 cxb4 25. Qxe4 Qxh2+ 26. Kxh2 dxe4 27. a5 Be6 28. Rb2 Rf8 29. Ng3 e3 30. fxe3 Rg4 31. e4 b3 32. Nc3 h5 33. Rd6 Rc8 34. Nce2 Bf7 35. Rd7 Rc2 36. Rxc2 bxc2 37. Rc7 h4 38. Nf5 Rxe4 39. Rxc2 Re5 40. Ned4 Rxa5 41. Rc8+ Kh7 42. Rc7 Kg6 43. Nxh4+ Kf6 44. Rxb7 Bd5 45. Rb6+ Ke5 46. Ndf3+ Bxf3 47. gxf3 Kf4 48. Rb4+ Ke3 49. f4 Rh5 50. Kg3 a5 51. Ra4 Rd5 52. f5 Rd7 53. Rxa5 Ke4 54. f6 Rf7 55. Rf5 Ke3 56. Nf3 Ke4 57. Rf4+ Kd5 58. Ng5 Ke5 59. Nxf7+ 1-0

[Event "P-4366"]
[Site "IECC email"]
[Date "2007.09.12"]
[Round "?"]
[White "Migliorini, Roberto"]
[Black "Kulkarni, Samir"]
[Result "1-0"]
[WhiteElo "2057"]
[BlackElo "1575"]
[PlyCount "73"]
[EventDate "2007.??.??"]
[EventType "tourn (corr)"]
[SourceTitle "Corr 2020"]
[Source "ChessBase"]
[SourceDate "2019.09.30"]
[SourceVersion "1"]
[SourceVersionDate "2019.09.30"]
[SourceQuality "1"]
[WhiteTeam "Italy"]
[BlackTeam "India"]
[WhiteTeamCountry "ITA"]
[BlackTeamCountry "IND"]

1. d4 d5 2. Nf3 e6 3. g3 Nf6 4. Bg2 Bb4+ 5. c3 Bd6 6. Bg5 0-0 7. Nbd2 Nc6 8. e4 Be7 9. e5 Nd7 10. h4 h6 11. Be3 a5 12. g4 b5 13. Ng1 Bxh4 14. Ndf3 Be7 15. Qd3 b4 16. Bxh6 Ba6 17. Qe3 f5 18. gxf5 Rxf5 19. Bxg7 bxc3 20. Rh8+ Kf7 21. bxc3 Qxh8 22. Bxh8 Rxh8 23. Bh3 Rxh3 24. Nxh3 Bc4 25. Qh6 Nd8 26. Nfg5+ Bxg5 27. Nxg5+ Ke7 28. Rb1 Ba6 29. Rb3 Nxe5 30. dxe5 Rxe5+ 31. Kd1 Be2+ 32. Kd2 Ba6 33. Rb8 Re2+ 34. Kd1 Rxf2 35. Qg7+ Rf7 36. Nxf7 Nxf7 37. Rf8 1-0

[Event "IECC KO-2077"]
[Site "IECC email"]
[Date "2007.02.12"]
[Round "?"]
[White "Kulkarni, Samir"]
[Black "Lixa, Alberto JP"]
[Result "1/2-1/2"]
[WhiteElo "1566"]
[BlackElo "1644"]
[PlyCount "108"]
[EventDate "2006.??.??"]
[EventType "match (corr)"]
[EventRounds "2"]
[SourceTitle "Corr 2011"]
[Source "ChessBase"]
[SourceDate "2010.08.31"]
[SourceVersion "1"]
[SourceVersionDate "2010.08.31"]
[SourceQuality "1"]
[WhiteTeam "US of America"]
[BlackTeam "South Africa"]
[WhiteTeamCountry "USA"]
[BlackTeamCountry "RSA"]

1. e4 c5 2. Nf3 e6 3. Nc3 a6 4. Be2 b5 5. 0-0 Qc7 6. d4 cxd4 7. Nxd4 Bb7 8. e5 b4 9. Na4 Nc6 10. Be3 Nxe5 11. c3 bxc3 12. Rc1 Nf6 13. Rxc3 Nc6 14. Nxc6 Bxc6 15. Bf3 Bb4 16. Bb6 Qb7 17. Bxc6 dxc6 18. Rc4 Be7 19. Qc2 0-0 20. Rxc6 Nd5 21. Ba5 Qb5 22. Bd2 Bb4 23. Bc1 Rfd8 24. Rc4 Be7 25. Bd2 a5 26. a3 Rab8 27. Rc1 e5 28. h3 h6 29. Kh1 Bf8 30. Kg1 g6 31. h4 Nf6 32. Be3 Rd7 33. Nc5 Bxc5 34. Rxc5 Qxb2 35. Bxh6 Qxc2 36. R5xc2 Rb3 37. Rc8+ Kh7 38. Bf8 Rb2 39. R8c2 Rxc2 40. Rxc2 Rd1+ 41. Kh2 Rd4 42. g3 Ne4 43. Kg2 Rd2 44. Rxd2 Nxd2 45. g4 f6 46. f3 Kg8 47. Bh6 Nc4 48. Bc1 a4 49. Kf2 f5 50. gxf5 gxf5 51. Ke2 e4 52. fxe4 fxe4 53. Kd1 Kh8 54. Kc2 Kh7 1/2-1/2

[Event "IECC KO-2077"]
[Site "IECC email"]
[Date "2007.02.12"]
[Round "?"]
[White "Lixa, Alberto JP"]
[Black "Kulkarni, Samir"]
[Result "1/2-1/2"]
[WhiteElo "1648"]
[BlackElo "1562"]
[PlyCount "109"]
[EventDate "2006.??.??"]
[EventType "match (corr)"]
[EventRounds "2"]
[SourceTitle "Corr 2011"]
[Source "ChessBase"]
[SourceDate "2010.08.31"]
[SourceVersion "1"]
[SourceVersionDate "2010.08.31"]
[SourceQuality "1"]
[WhiteTeam "US of America"]
[BlackTeam "South Africa"]
[WhiteTeamCountry "USA"]
[BlackTeamCountry "RSA"]

1. c4 Nc6 2. d4 e6 3. Nf3 Nf6 4. Nc3 Bb4 5. Qc2 0-0 6. Bd2 Be7 7. a3 d5 8. e3 a6 9. b3 h6 10. Bd3 dxc4 11. bxc4 b6 12. 0-0 Bb7 13. Rfd1 Bd6 14. c5 bxc5 15. dxc5 Bxc5 16. Rab1 Bb6 17. Na4 Rc8 18. Nc5 Bxc5 19. Rxb7 Qe7 20. a4 a5 21. Rc1 Nd7 22. h3 Nb4 23. Bxb4 axb4 24. Nd4 Bb6 25. Nc6 Qg5 26. a5 Nc5 27. axb6 Nxb7 28. Ba6 cxb6 29. Bxb7 Rc7 30. Ba6 Qd5 31. e4 Qd6 32. Bb5 Rfc8 33. e5 Qc5 34. Qb2 Qxb5 35. Ne7+ Rxe7 36. Rxc8+ Kh7 37. Qd4 Ra7 38. Qe4+ g6 39. Kh2 b3 40. Qf4 Qd7 41. Rc3 b2 42. Rb3 Ra2 43. Rxb6 Qc7 44. Qf6 Kg8 45. Rb3 Ra5 46. Rxb2 Qxe5+ 47. Qxe5 Rxe5 48. f4 Rd5 49. Kg3 Kg7 50. Rb7 g5 51. fxg5 hxg5 52. h4 Rd3+ 53. Kg4 gxh4 54. Kxh4 Kg6 55. Kg4 1/2-1/2

[Event "IECG CP.2005.Q.00019 email"]
[Site "IECG email"]
[Date "2007.01.15"]
[Round "?"]
[White "Kulkarni, Samir"]
[Black "Veiseh, David"]
[Result "0-1"]
[WhiteElo "904"]
[BlackElo "1311"]
[PlyCount "50"]
[EventDate "2007.01.15"]
[EventType "tourn (corr)"]
[EventRounds "6"]
[SourceTitle "Corr 2011"]
[Source "ChessBase"]
[SourceDate "2010.08.31"]
[SourceVersion "1"]
[SourceVersionDate "2010.08.31"]
[SourceQuality "1"]

1. d4 Nf6 2. Nf3 d5 3. e3 e6 4. Bd3 c5 5. 0-0 c4 6. Be2 b5 7. b3 Bb7 8. a4 a6 9. Ne5 Nc6 10. axb5 axb5 11. Rxa8 Qxa8 12. f4 Be7 13. Nc3 Qa5 14. Nb1 Ne4 15. bxc4 bxc4 16. Bf3 c3 17. Bxe4 dxe4 18. Nc4 Qb4 19. Nca3 0-0 20. f5 Ba6 21. Rf4 Bg5 22. Rf2 Nxd4 23. exd4 e3 24. Re2 Bxe2 25. Qxe2 exf5 0-1

[Event "IECC KO-1058"]
[Site "IECC email"]
[Date "2006.08.02"]
[Round "?"]
[White "Kulkarni, Samir"]
[Black "Venturas, Bob"]
[Result "1-0"]
[WhiteElo "1387"]
[BlackElo "1132"]
[PlyCount "33"]
[EventDate "2006.??.??"]
[EventType "match (corr)"]
[EventRounds "2"]
[SourceTitle "Corr 2020"]
[Source "ChessBase"]
[SourceDate "2019.09.30"]
[SourceVersion "1"]
[SourceVersionDate "2019.09.30"]
[SourceQuality "1"]
[WhiteTeam "India"]
[BlackTeam "Canada"]
[WhiteTeamCountry "IND"]
[BlackTeamCountry "CAN"]

1. d4 d5 2. Bf4 Nc6 3. e3 a6 4. Nf3 Nf6 5. Bd3 Bg4 6. h3 Bh5 7. 0-0 h6 8. g4 Bg6 9. Bxg6 fxg6 10. Qd3 Ne4 11. Nbd2 g5 12. Nxe4 gxf4 13. Nc5 Qd6 14. Nxb7 Qf6 15. exf4 Qxf4 16. Qg6+ Qf7 17. Qxc6# 1-0

[Event "IECC KO-1058"]
[Site "IECC email"]
[Date "2006.08.02"]
[Round "?"]
[White "Venturas, Bob"]
[Black "Kulkarni, Samir"]
[Result "0-1"]
[WhiteElo "1127"]
[BlackElo "1392"]
[PlyCount "48"]
[EventDate "2006.??.??"]
[EventType "match (corr)"]
[EventRounds "2"]
[SourceTitle "Corr 2020"]
[Source "ChessBase"]
[SourceDate "2019.09.30"]
[SourceVersion "1"]
[SourceVersionDate "2019.09.30"]
[SourceQuality "1"]
[WhiteTeam "Canada"]
[BlackTeam "India"]
[WhiteTeamCountry "CAN"]
[BlackTeamCountry "IND"]

1. e4 e5 2. Nf3 Nf6 3. Nc3 Nc6 4. Bb5 Bd6 5. d3 a6 6. Bc4 b5 7. Bb3 Na5 8. Bd5 c6 9. Bb3 Nxb3 10. cxb3 0-0 11. Be3 Ng4 12. Qe2 Nxe3 13. Qxe3 Bc7 14. 0-0 f5 15. exf5 d5 16. Qd2 Bxf5 17. a3 Bg4 18. Ne1 Qd6 19. Qg5 e4 20. Qh4 exd3 21. f3 Bb6+ 22. Kh1 Bf5 23. Qg5 Qe6 24. Nd1 Qe2 0-1

[Event "IECC Swiss-511.1"]
[Site "IECC email"]
[Date "2006.04.25"]
[Round "?"]
[White "Bladyko, Pawel"]
[Black "Kulkarni, Samir"]
[Result "1/2-1/2"]
[WhiteElo "1754"]
[BlackElo "1368"]
[PlyCount "54"]
[EventDate "2006.??.??"]
[EventType "swiss (corr)"]
[EventRounds "1"]
[SourceTitle "Corr 2020"]
[Source "ChessBase"]
[SourceDate "2019.09.30"]
[SourceVersion "1"]
[SourceVersionDate "2019.09.30"]
[SourceQuality "1"]
[WhiteTeam "Poland"]
[BlackTeam "India"]
[WhiteTeamCountry "POL"]
[BlackTeamCountry "IND"]

1. e4 e5 2. Nf3 Nc6 3. Bb5 a6 4. Ba4 b5 5. Bb3 Bc5 6. c3 Nf6 7. d4 exd4 8. e5 Ng4 9. cxd4 Bb4+ 10. Nc3 0-0 11. 0-0 d6 12. h3 Bxc3 13. bxc3 Nh6 14. Bxh6 gxh6 15. a4 bxa4 16. Bd5 Bd7 17. Qd2 Kg7 18. exd6 cxd6 19. Qf4 Qf6 20. Qxf6+ Kxf6 21. Rxa4 Ne7 22. Bxa8 Bxa4 23. Bb7 Bc6 24. Bxa6 Ra8 25. Be2 Ra2 26. Bd3 Bxf3 27. gxf3 Ra3 1/2-1/2

[Event "IECC CL7-2006.06 email"]
[Site "IECC email"]
[Date "2006.03.27"]
[Round "?"]
[White "Kulkarni, Samir"]
[Black "Von Rosenberg, Clemens"]
[Result "1-0"]
[WhiteElo "1211"]
[BlackElo "1025"]
[PlyCount "33"]
[EventDate "2006.??.??"]
[EventType "tourn (corr)"]
[EventRounds "4"]
[SourceTitle "Corr 2020"]
[Source "ChessBase"]
[SourceDate "2019.09.30"]
[SourceVersion "1"]
[SourceVersionDate "2019.09.30"]
[SourceQuality "1"]
[WhiteTeam "India"]
[BlackTeam "Germany"]
[WhiteTeamCountry "IND"]
[BlackTeamCountry "GER"]

1. Nf3 e6 2. e4 c5 3. Nc3 a6 4. Be2 d6 5. 0-0 Nc6 6. d4 cxd4 7. Nxd4 Qc7 8. Be3 Nf6 9. Nxc6 bxc6 10. Na4 Nd7 11. Bd4 e5 12. Be3 Be7 13. f4 a5 14. fxe5 dxe5 15. Bc4 0-0 16. Rxf7 Rxf7 17. Qh5 1-0

[Event "IECG CN.2005.0.00408 email"]
[Site "IECG email"]
[Date "2005.11.21"]
[Round "?"]
[White "Gajate, Guillermo"]
[Black "Kulkarni, Samir"]
[Result "0-1"]
[WhiteElo "724"]
[BlackElo "800"]
[PlyCount "62"]
[EventDate "2005.11.21"]
[EventType "tourn (corr)"]
[EventRounds "6"]
[SourceTitle "Corr 2008"]
[Source "ChessBase"]
[SourceDate "2008.06.24"]
[SourceVersion "1"]
[SourceVersionDate "2008.06.24"]
[SourceQuality "1"]

1. e4 e5 2. Nf3 Nf6 3. Nxe5 Qe7 4. d4 d6 5. Nf3 Nxe4 6. Be3 Bg4 7. Be2 Nd7 8. 0-0 0-0-0 9. Nbd2 d5 10. c3 Kb8 11. Ne1 Nxd2 12. Qxd2 Bxe2 13. Qxe2 Qe6 14. Nd3 Bd6 15. f4 Rhe8 16. Ne5 Bxe5 17. fxe5 f6 18. Rae1 fxe5 19. Bg5 Rc8 20. dxe5 Rf8 21. Rxf8 Rxf8 22. g3 Rf5 23. Bf4 g5 24. Bd2 h6 25. Qh5 Nxe5 26. Kg2 d4 27. cxd4 Qc6+ 28. d5 Qxd5+ 29. Kg1 b6 30. Rxe5 Qxe5 31. Bc3 Qe3+ 0-1

[Event "IECC KO-1056"]
[Site "IECC email"]
[Date "2005.11.16"]
[Round "?"]
[White "Stearns, Ron"]
[Black "Kulkarni, Samir"]
[Result "0-1"]
[WhiteElo "1147"]
[BlackElo "1026"]
[PlyCount "24"]
[EventDate "2005.??.??"]
[EventType "match (corr)"]
[EventRounds "2"]
[SourceTitle "Corr 2020"]
[Source "ChessBase"]
[SourceDate "2019.09.30"]
[SourceVersion "1"]
[SourceVersionDate "2019.09.30"]
[SourceQuality "1"]
[WhiteTeam "United States"]
[BlackTeam "India"]
[WhiteTeamCountry "USA"]
[BlackTeamCountry "IND"]

1. Nf3 Nf6 2. g3 e6 3. c4 Be7 4. Bg2 d5 5. 0-0 0-0 6. d4 dxc4 7. Qc2 a6 8. a4 Nc6 9. Qxc4 Nd5 10. e4 Na5 11. Qc2 Nb4 12. Ra3 Nxc2 0-1